| 000 | 01379cam a22002415a 4500 | ||
|---|---|---|---|
| 001 | ##L135651 | ||
| 008 | 061121s2006 f 000 0 eng d | ||
| 020 | _a1897958323 | ||
| 035 | _a(Sirsi) u135651 | ||
| 041 | 0 | _aeng | |
| 050 | 0 | 4 | _a711.552 $2 18 |
| 100 | 1 | 1 | _aCourt, Yvonne |
| 245 | 0 | 0 |
_aFuture of retail property _bonline retailing _bthe impact of click on brick _bexecutive summary |
| 260 |
_a[S.l.] _bBCSC _c2006 |
||
| 490 | 0 | _aBCSC Future of Retail Property | |
| 520 | _aOffers insight into the current status of online retailing and implications on the future of retail property. Highlights the relationship and differences between physical and online shopping; looks at how retailers are adopting online retailing as part of a multi-channel approach, and the impact of this on their future real estate needs; defines different types of consumers with regards to their attitudes towards e-tailers and more traditional retailers; and informs developers, investors and their advisers as to the likely future impact of online retailing on their assets. | ||
| 590 | _aKA | ||
| 651 | 4 |
_aUnited Kingdom _y |
|
| 690 | _aPROPERTY-COMMERCIAL PROPERTY-RETAIL PROPERTY | ||
| 710 | 2 |
_aBritish Council of Shopping Centres _91982 |
|
| 856 | 4 | 0 |
_uhttps://www.bcsc.org.uk/publication.asp?pub_id=207 _zView the executive summary free of charge at www.bcsc.org.uk... |
| 942 | _n0 | ||
| 999 |
_c106127 _d106127 |
||